000 00693nam a22002177a 4500
003 OSt
005 20150130153341.0
008 150106b xxu||||| |||| 00| 0 eng d
040 _cBMC
082 _a839.816
082 _a808.068083
245 0 0 _aLecturas de Hans Christian Andersen (1805-1875)
_b: La sabiduría intemporal de unos cuentos
_cCoordinadora, María Antonia Frías
250 _a1ª ed
260 _aSan José (Costa Rica)
_bPromesa
_c2005
300 _a200 p.
_bil.
_c21 cm
490 _aLiteratura
_v3
600 2 4 _929892
_aAndersen, Hans Christian
_d1805-1875
650 2 4 _929811
_aCuentos infantiles
700 1 _911656
_aFrías Sagardoy, María Antonia
942 _2ddc
_cBK
999 _c17108
_d17108